[Event "Unna Open 2023"]
[Site "Unna"]
[Date "2023.12.27"]
[Round "1.1"]
[White "Alnajmi, Mustafa"]
[Black "Schuh, Dirk"]
[Result "1/2-1/2"]
[WhiteElo "1608"]
[BlackElo "2365"]
[PlyCount "49"]
[EventDate "2023.12.??"]
[EventType "swiss"]
[EventRounds "7"]
[EventCountry "GER"]
[Tiebreak "Progressive score"]
[SourceVersionDate "2023.12.27"]

{[%evp 0,49,12,-16,-16,-16,-8,-10,-19,2,-14,-22,25,24,24,15,15,26,13,25,48,35,
41,49,48,35,45,41,53,1,27,28,57,-14,-13,-11,-15,-9,-14,-21,113,70,78,65,343,0,
16,36,388,111,106,118]} 1. b3 e5 2. Bb2 Nc6 3. e3 d5 4. Bb5 Bd6 5. f4 Qh4+ 6.
g3 Qe7 7. Nf3 f6 8. Nc3 Be6 9. O-O Nh6 10. fxe5 fxe5 11. e4 d4 12. Nd5 Qd7 13.
Ng5 Bg4 14. Qe1 a6 15. Be2 Nd8 16. Bxg4 Qxg4 17. Ba3 Bxa3 18. Nxc7+ Ke7 19.
Nxa8 Bc5 20. b4 Ba7 21. Nf3 Nc6 22. a4 d3+ 23. Kg2 Qh5 24. c3 Rxa8 25. b5
1/2-1/2

[Event "Unna Open 2023"]
[Site "Unna"]
[Date "2023.12.27"]
[Round "1.2"]
[White "Luft, Dennis"]
[Black "Knetsch, Alfred"]
[Result "1-0"]
[WhiteElo "2310"]
[BlackElo "1581"]
[PlyCount "65"]
[EventDate "2023.12.??"]
[EventType "swiss"]
[EventRounds "7"]
[EventCountry "GER"]
[Tiebreak "Progressive score"]
[SourceVersionDate "2023.12.27"]

{[%evp 0,65,14,21,29,17,17,15,17,-7,22,26,48,31,70,79,63,50,45,47,47,46,48,46,
115,106,114,45,26,57,86,65,76,76,63,100,92,102,93,107,133,129,131,131,131,123,
129,113,110,128,146,143,149,157,157,154,199,190,244,195,195,192,189,218,224,
232,237,245]} 1. d4 Nf6 2. c4 e6 3. Nf3 d5 4. g3 c6 5. Bg2 Bb4+ 6. Bd2 Qa5 7.
a3 Bxd2+ 8. Qxd2 Qxd2+ 9. Nbxd2 Nbd7 10. O-O O-O 11. Rfe1 Ne4 12. Nxe4 dxe4 13.
Nd2 f5 14. f3 exf3 15. Nxf3 e5 16. dxe5 Re8 17. Rad1 Nc5 18. b4 Ne4 19. Nd2 Be6
20. Bxe4 fxe4 21. Nxe4 Bg4 22. Nf2 Bf5 23. e4 Be6 24. Rd4 Rad8 25. Red1 Rxd4
26. Rxd4 Kf7 27. Nd3 b6 28. Kf2 b5 29. cxb5 cxb5 30. Ke3 Bc4 31. Rd7+ Re7 32.
Rxe7+ Kxe7 33. Nf4 1-0

[Event "Unna Open 2023"]
[Site "Unna"]
[Date "2023.12.27"]
[Round "1.3"]
[White "Scholtyßek, Normann"]
[Black "Tkachuk, Konstantin"]
[Result "0-1"]
[WhiteElo "1559"]
[BlackElo "2241"]
[Annotator "Medger,Gernot"]
[PlyCount "72"]
[EventDate "2023.12.??"]
[EventType "swiss"]
[EventRounds "7"]
[EventCountry "GER"]
[Tiebreak "Progressive score"]
[SourceVersionDate "2023.12.27"]

{[%evp 0,72,21,-16,-11,-11,2,9,2,1,14,11,10,-6,37,26,53,37,29,10,5,-19,-22,-13,
-1,-49,-41,-55,-64,-64,-72,-79,-82,-88,-37,-44,-32,-74,-34,-45,-2,-10,-19,-9,
-9,-12,-20,-50,-63,-38,-30,-111,-104,-132,-131,-131,-132,-136,-144,-144,-152,
-176,-181,-201,-169,-205,-208,-200,-211,-220,-225,-236,-249,-1074,-1127]} 1. b3
Nf6 2. Bb2 g6 3. e3 Bg7 4. Nf3 d6 5. d4 O-O 6. Bd3 c6 7. Nbd2 Qc7 8. c4 Nbd7 9.
h4 e5 10. Qc2 exd4 11. Bxd4 Nc5 12. O-O-O Re8 13. Ng5 Nxd3+ 14. Qxd3 d5 15. Qc3
Qe7 16. c5 $11 Nh5 17. Ngf3 Bg4 18. Rde1 Rad8 19. Kb2 Bc8 20. Rhg1 f5 21. Bxg7
Qxg7 22. Qxg7+ Kxg7 23. Nd4 f4 24. exf4 Nxf4 25. Rxe8 Rxe8 26. Kc2 Ne2 27. Nxe2
Rxe2 28. f3 Bf5+ 29. Kd1 Bd3 30. g4 Rh2 31. Ke1 Rxh4 32. Kf2 Rh2+ 33. Rg2 Rxg2+
34. Kxg2 Kf6 35. f4 h5 36. Nf3 Be4 0-1

[Event "Unna Open 2023"]
[Site "Unna"]
[Date "2023.12.27"]
[Round "1.4"]
[White "Tkachuk, Sergiy"]
[Black "Bilau, Max"]
[Result "0-1"]
[WhiteElo "2236"]
[BlackElo "1553"]
[PlyCount "56"]
[EventDate "2023.12.??"]
[EventType "swiss"]
[EventRounds "7"]
[EventCountry "GER"]
[Tiebreak "Progressive score"]
[SourceVersionDate "2023.12.27"]

{[%evp 0,56,21,24,40,40,46,27,30,19,36,35,35,35,49,23,12,21,11,11,3,25,16,-7,
22,24,33,23,26,21,21,31,19,30,85,91,101,109,155,151,147,139,127,117,119,119,
109,114,117,104,116,98,98,82,82,-29993,-29994,-29995,-29996]} 1. e4 c5 2. Nf3
Nc6 3. d4 cxd4 4. Nxd4 g6 5. Nc3 Bg7 6. Be3 Nf6 7. Be2 O-O 8. O-O d5 9. exd5
Nb4 10. d6 Qxd6 11. Ncb5 Qd8 12. c4 a6 13. Qa4 Ng4 14. Bxg4 Bxg4 15. Qxb4 axb5
16. Nxb5 Qd7 17. f3 Qd3 18. Rfe1 Bf5 19. Rad1 Qc2 20. Nd4 Qa4 21. Qxa4 Rxa4 22.
Nxf5 gxf5 23. b3 Rxa2 24. Rd7 e6 25. Rxb7 Rd8 26. Kf1 Bc3 27. Re2 Rd1+ 28. Kf2
Be1+ 0-1

[Event "Unna Open 2023"]
[Site "Unna"]
[Date "2023.12.27"]
[Round "1.5"]
[White "Lohkämper, Thomas"]
[Black "Stricker, Florian"]
[Result "0-1"]
[WhiteElo "1550"]
[BlackElo "2229"]
[PlyCount "82"]
[EventDate "2023.12.??"]
[EventType "swiss"]
[EventRounds "7"]
[EventCountry "GER"]
[Tiebreak "Progressive score"]
[SourceVersionDate "2023.12.27"]

{[%evp 0,82,25,-14,-18,-14,22,-32,-21,-23,-25,-44,-24,-20,0,-25,-28,-42,-14,5,
3,3,8,-4,1,-8,24,23,19,0,24,-53,0,-53,-73,-122,-124,-69,-88,-162,-144,-148,
-176,-192,-188,-274,-283,-274,-294,-331,-274,-345,-394,-369,-343,-364,-41,-53,
123,171,162,-125,-146,-147,-147,-366,-392,-397,-195,-194,-191,-179,-177,-190,
-181,-333,-358,-434,-311,-661,-724,-768,-689,-1246,-1288]} 1. b3 Nf6 2. Bb2 d6
3. f4 e5 4. e3 Nc6 5. Nf3 e4 6. Nd4 Ne7 7. Nc3 a6 8. d3 d5 9. dxe4 dxe4 10. h3
h5 11. g3 c5 12. Nde2 Bd7 13. Bg2 Bc6 14. Kf2 Qc7 15. Qe1 Nf5 16. Rd1 b5 17. a4
Be7 18. axb5 axb5 19. Ra1 Rd8 20. Ra6 O-O 21. Qa1 b4 22. Nd1 Rd2 23. Be5 Qd7
24. Ra7 Qd5 25. Rxe7 Nxe7 26. Bxf6 gxf6 27. Qxf6 Bb5 28. c4 Rxe2+ 29. Kxe2 Qd3+
30. Ke1 Rd8 31. Qg5+ Ng6 32. Qxh5 Qd2+ 33. Kf1 Bc6 34. Qe2 Qxd1+ 35. Qxd1 Rxd1+
36. Ke2 Rd3 37. Ra1 Rxb3 38. Ra6 Ne7 39. Ra5 Rb2+ 40. Kf1 b3 41. Rxc5 Rxg2 0-1

[Event "Unna Open 2023"]
[Site "Unna"]
[Date "2023.12.27"]
[Round "1.6"]
[White "Cofmann, Veaceslav"]
[Black "Cassel, Silas"]
[Result "1-0"]
[WhiteElo "2210"]
[BlackElo "1545"]
[PlyCount "67"]
[EventDate "2023.12.??"]
[EventType "swiss"]
[EventRounds "7"]
[EventCountry "GER"]
[Tiebreak "Progressive score"]
[SourceVersionDate "2023.12.27"]

{[%evp 0,67,21,21,21,24,24,24,22,7,30,24,33,39,42,43,39,30,31,33,104,113,196,
193,201,201,201,166,184,187,179,166,179,183,187,187,227,188,221,224,243,243,
243,243,239,243,243,243,238,235,256,239,252,254,261,253,253,262,328,343,355,
358,1197,1243,1243,1311,1293,1330,1357,1373]} 1. d4 d5 2. c4 e6 3. Nc3 Nf6 4.
Bg5 Be7 5. e3 Nbd7 6. cxd5 exd5 7. Bd3 O-O 8. Qc2 h6 9. Bf4 Re8 10. Nb5 Bd6 11.
Bxd6 cxd6 12. Nc7 Nc5 13. Nxe8 Nxd3+ 14. Qxd3 Qxe8 15. Ne2 Bd7 16. Nc3 Rc8 17.
O-O Ne4 18. Rfc1 Nxc3 19. Rxc3 Rxc3 20. Qxc3 Bc6 21. h3 a6 22. Qb4 Qd8 23. Rc1
h5 24. a4 a5 25. Qc3 Qb6 26. Rb1 Bxa4 27. Ra1 Bc6 28. Rxa5 g6 29. e4 Qd8 30.
exd5 b6 31. dxc6 bxa5 32. c7 Qc8 33. Qc6 d5 34. Qd6 1-0

[Event "Unna Open 2023"]
[Site "Unna"]
[Date "2023.12.27"]
[Round "1.7"]
[White "Krolik, Wilfried"]
[Black "Köhler, Christian Friedrich"]
[Result "0-1"]
[WhiteElo "1545"]
[BlackElo "2210"]
[PlyCount "76"]
[EventDate "2023.12.??"]
[EventType "swiss"]
[EventRounds "7"]
[EventCountry "GER"]
[Tiebreak "Progressive score"]
[SourceVersionDate "2023.12.27"]

{[%evp 0,76,21,33,72,78,63,30,28,23,37,44,30,32,31,22,26,26,22,9,4,-3,-1,-1,-5,
-5,-5,-3,23,23,29,-9,-14,-66,-68,-49,-47,-76,-83,-94,-107,-112,-128,-128,-107,
-107,-94,-109,-97,-97,-107,-137,-132,-152,-102,-114,-113,-224,-170,-214,-223,
-223,-223,-223,-223,-323,-328,-364,-419,-422,-444,-432,-484,-633,-653,-688,
-690,-29983,-29984]} 1. e4 c6 2. d4 d5 3. Nc3 dxe4 4. Nxe4 Bf5 5. Ng3 Bg6 6.
Nf3 Nd7 7. Be3 e6 8. Bd3 Ngf6 9. h3 Bd6 10. Bxg6 hxg6 11. O-O Qc7 12. Ne2 O-O
13. c4 b5 14. c5 Be7 15. b4 Nd5 16. Qd2 a5 17. a3 Ra7 18. Bf4 Qb7 19. Bh2 Rfa8
20. Qb2 axb4 21. axb4 Rxa1 22. Rxa1 Rxa1+ 23. Qxa1 Nxb4 24. Qa5 Nd5 25. Nf4
N7f6 26. g4 Nxf4 27. Bxf4 Nd5 28. Bg5 Bf6 29. Bxf6 gxf6 30. g5 fxg5 31. Qd8+
Kg7 32. Qxg5 b4 33. Qe5+ Kg8 34. Nd2 b3 35. Nb1 b2 36. Qe1 Qb3 37. Kh2 Qf3 38.
Qd2 Nf4 0-1

[Event "Unna Open 2023"]
[Site "Unna"]
[Date "2023.12.27"]
[Round "1.8"]
[White "Korten, Lando"]
[Black "Vollenberg, Jörg"]
[Result "1-0"]
[WhiteElo "2173"]
[BlackElo "1543"]
[PlyCount "47"]
[EventDate "2023.12.??"]
[EventType "swiss"]
[EventRounds "7"]
[EventCountry "GER"]
[Tiebreak "Progressive score"]
[SourceVersionDate "2023.12.27"]

{[%evp 0,47,21,22,15,22,22,24,22,-3,39,46,47,49,71,67,64,67,67,56,98,62,126,
122,120,112,97,116,165,162,162,170,165,157,168,168,188,193,196,196,185,184,208,
217,217,220,283,242,298,260]} 1. d4 d5 2. c4 e6 3. Nc3 Nf6 4. cxd5 Nxd5 5. e4
Nxc3 6. bxc3 c6 7. Nf3 Nd7 8. Bd3 Be7 9. O-O Qc7 10. Qe2 O-O 11. e5 Re8 12. Qe4
Nf8 13. Qg4 f5 14. exf6 Bxf6 15. Re1 Qf7 16. Ne5 Bxe5 17. Rxe5 Nd7 18. Qh4 g6
19. Re3 Qf6 20. Qg3 Qg7 21. Ba3 Nf6 22. Bd6 Bd7 23. Be5 Qe7 24. Bxg6 1-0

[Event "Unna Open 2023"]
[Site "Unna"]
[Date "2023.12.27"]
[Round "1.9"]
[White "Deno, Thomas"]
[Black "Torres-Kuckel, Rafael"]
[Result "0-1"]
[WhiteElo "1542"]
[BlackElo "2128"]
[PlyCount "110"]
[EventDate "2023.12.??"]
[EventType "swiss"]
[EventRounds "7"]
[EventCountry "GER"]
[Tiebreak "Progressive score"]
[SourceVersionDate "2023.12.27"]

{[%evp 0,110,21,22,29,19,64,37,53,47,55,58,48,51,56,47,44,41,52,41,55,25,49,44,
34,6,6,15,19,13,12,-20,-20,-17,-14,-65,-42,-34,-31,-56,-60,-119,-99,-111,-89,
-292,-68,-58,-68,-106,-31,-56,0,0,-22,-124,-133,-138,-138,-138,-139,-138,-141,
-198,-126,-204,-212,-223,-223,-231,-235,-278,-279,-280,-280,-288,-303,-308,
-231,-220,-242,-259,-243,-353,-320,-342,-302,-416,-408,-532,-532,-510,-514,
-525,-478,-510,-508,-549,-542,-564,-553,-559,-499,-618,-556,-1271,-1442,-1458,
-1381,-2044,-1775,-29983,-29984]} 1. d4 Nf6 2. Nc3 d6 3. Bf4 Nbd7 4. Nf3 g6 5.
e4 Bg7 6. Qd2 c6 7. Be2 b5 8. a3 Nb6 9. h4 h6 10. O-O-O Bb7 11. e5 Nfd5 12. Bh2
Nxc3 13. Qxc3 Nd5 14. Qb3 Qd7 15. exd6 exd6 16. Rhe1 O-O 17. c4 bxc4 18. Bxc4
a5 19. Bxd5 cxd5 20. Re3 Bc6 21. Rde1 Rab8 22. Qc3 a4 23. Re7 Qd8 24. Kb1 Bf6
25. Ra7 Qb6 26. Bxd6 Qxa7 27. Qxc6 Rb6 28. Bc5 Rxc6 29. Bxa7 Rfc8 30. Bc5 Kg7
31. Ne5 R6c7 32. f4 Bxh4 33. Re2 Re8 34. Rc2 Rb7 35. g4 Bg3 36. Nd3 Rb3 37. Nb4
Re1+ 38. Ka2 Bxf4 39. Nxd5 Rf3 40. Nxf4 Rxf4 41. d5 Rd1 42. d6 Rxg4 43. Bb4 g5
44. Bd2 Kg6 45. d7 Rd4 46. Rc6+ Kh7 47. Bb4 Rxd7 48. Bf8 Rh1 49. Ra6 f5 50.
Rxa4 f4 51. Bc5 f3 52. Rd4 Rxd4 53. Bxd4 g4 54. b4 g3 55. b5 f2 0-1

[Event "Unna Open 2023"]
[Site "Unna"]
[Date "2023.12.27"]
[Round "1.10"]
[White "Junk, Phillip"]
[Black "Dimitriadis, Elias"]
[Result "1/2-1/2"]
[WhiteElo "2123"]
[BlackElo "1540"]
[Annotator "Medger,Gernot"]
[PlyCount "93"]
[EventDate "2023.12.??"]
[EventType "swiss"]
[EventRounds "7"]
[EventCountry "GER"]
[Tiebreak "Progressive score"]
[SourceVersionDate "2023.12.27"]

{[%evp 0,93,21,34,63,57,57,31,34,30,30,10,47,22,50,50,39,50,43,42,79,56,58,39,
50,39,37,22,20,14,-11,-21,-23,-17,-32,-30,-20,-31,-27,-30,-22,-51,-23,-23,-23,
-87,-77,-80,0,0,0,0,0,0,0,0,5,-26,-28,-28,-26,-28,-31,-33,-44,-23,-14,-29,0,
-20,56,0,0,24,29,23,30,17,36,0,0,0,0,0,-1,-14,4,0,28,0,0,0,0,-42,-47,-47]} 1.
e4 c6 2. Nf3 d5 3. Nc3 dxe4 4. Nxe4 Nf6 5. Qe2 Nxe4 6. Qxe4 Qd5 7. Qf4 Qf5 8.
Qe3 Qe6 9. d4 g6 10. b3 Bg7 11. Bc4 Qxe3+ 12. fxe3 Bf5 13. c3 Nd7 14. Ng5 h6
15. Nxf7 b5 16. Nxh8 bxc4 17. Nxg6 Bxg6 18. O-O Nc5 19. bxc4 Ne4 $11 20. Rf4
Nxc3 21. Rg4 Kf7 22. Ba3 Bd3 23. Bb4 Ne4 24. Rd1 Be2 25. Rf4+ Nf6 26. Rc1 Rb8
27. Bc5 Ke8 28. Rf2 Bd3 29. Rd2 Bf5 30. Rf2 Be6 31. Bxa7 Rb7 32. d5 cxd5 33.
cxd5 Bxd5 34. Bd4 Kf7 35. h3 Kg6 36. Rfc2 Ne4 37. Bxg7 Kxg7 38. Rc7 Rb2 39.
Rxe7+ Kf6 40. Rec7 Rxa2 41. R7c2 Ra3 42. Re1 Kg5 43. Kh2 h5 $11 44. Rb2 Kf5 45.
Rb5 Ke5 46. Rb2 h4 47. Kg1 $11 1/2-1/2

[Event "Unna Open 2023"]
[Site "Unna"]
[Date "2023.12.27"]
[Round "1.11"]
[White "Greiving, Leonard Simon"]
[Black "Wichtrup, Jan-Louis"]
[Result "1/2-1/2"]
[WhiteElo "1535"]
[BlackElo "2105"]
[Annotator "Medger,Gernot"]
[PlyCount "84"]
[EventDate "2023.12.??"]
[EventType "swiss"]
[EventRounds "7"]
[EventCountry "GER"]
[Tiebreak "Progressive score"]
[SourceVersionDate "2023.12.27"]

1. e4 e5 2. Nf3 Nc6 3. Bc4 Bc5 4. d3 Nf6 5. a4 O-O 6. O-O d5 7. exd5 Nxd5 8. h3
a6 9. Re1 Nf6 10. Bg5 e4 11. dxe4 Qxd1 12. Rxd1 Nxe4 13. Bh4 Bf5 14. Nbd2 Nd6
15. Bb3 Rfe8 16. Re1 Nb4 17. a5 Kf8 18. Ba4 c6 19. Nb3 Ba7 20. Nbd4 Bg6 21.
Rad1 Ne4 22. c3 Nc5 23. cxb4 Nxa4 24. Rxe8+ Rxe8 25. Rd2 f6 26. Ne2 Bf7 27. Bg3
Bd5 28. Nf4 Bc4 29. Rd7 Re7 30. Rd8+ Re8 31. Rd7 Nxb2 32. Rxb7 Bb8 33. Ng6+
hxg6 34. Bxb8 Rd8 35. Ba7 Nd3 36. Nd4 c5 37. bxc5 Rxd4 38. Rb8+ Ke7 39. c6 Re4
40. c7 Be6 41. c8=Q Bxc8 42. Rxc8 Kd7 $11 1/2-1/2

[Event "Unna Open 2023"]
[Site "Unna"]
[Date "2023.12.27"]
[Round "1.12"]
[White "Patscha, Elias"]
[Black "Ploeger, Marc Andre"]
[Result "1-0"]
[WhiteElo "2077"]
[BlackElo "1523"]
[PlyCount "47"]
[EventDate "2023.12.??"]
[EventType "swiss"]
[EventRounds "7"]
[EventCountry "GER"]
[Tiebreak "Progressive score"]
[SourceVersionDate "2023.12.27"]

1. d4 d5 2. Nc3 Nf6 3. Bf4 c5 4. e3 cxd4 5. exd4 a6 6. Nf3 Nc6 7. Ne5 Qb6 8.
Na4 Qxd4 9. Qxd4 Nxd4 10. O-O-O Ne6 11. Nb6 Nxf4 12. Nxa8 e6 13. Nb6 Bd7 14. c4
Bc5 15. Nbxd7 Nxd7 16. Nxd7 Kxd7 17. g3 Nh5 18. cxd5 Bxf2 19. dxe6+ Kxe6 20.
Bc4+ Ke7 21. Kb1 Nf6 22. Rhf1 Bb6 23. Rfe1+ Kf8 24. Bd5 1-0

[Event "Unna Open 2023"]
[Site "Unna"]
[Date "2023.12.27"]
[Round "1.13"]
[White "Scholtyßek, Norbert"]
[Black "Ciornei, Dragos"]
[Result "0-1"]
[WhiteElo "1497"]
[BlackElo "2064"]
[PlyCount "62"]
[EventDate "2023.12.??"]
[EventType "swiss"]
[EventRounds "7"]
[EventCountry "GER"]
[Tiebreak "Progressive score"]
[SourceVersionDate "2023.12.27"]

1. b3 e5 2. Bb2 Nc6 3. e3 d6 4. Nf3 Nf6 5. Be2 g6 6. O-O Bg7 7. c4 O-O 8. a3 a5
9. Nc3 Re8 10. d3 d5 11. d4 exd4 12. exd4 Bg4 13. h3 Bxf3 14. Bxf3 dxc4 15.
Bxc6 bxc6 16. bxc4 Rb8 17. Qd2 Ne4 18. Nxe4 Rxe4 19. Rad1 c5 20. f3 Bxd4+ 21.
Bxd4 Rxd4 22. Qe2 Rb3 23. Rxd4 cxd4 24. Qa2 a4 25. Rd1 d3 26. Rd2 Qd4+ 27. Kf1
Qxc4 28. Qa1 Qc3 29. Qxc3 Rxc3 30. Ra2 Rc1+ 31. Kf2 Rc2+ 0-1

[Event "Unna Open 2023"]
[Site "Unna"]
[Date "2023.12.27"]
[Round "1.14"]
[White "Baumann, Stephan"]
[Black "Buchhop, Rainer"]
[Result "1-0"]
[WhiteElo "2062"]
[BlackElo "1493"]
[PlyCount "85"]
[EventDate "2023.12.??"]
[EventType "swiss"]
[EventRounds "7"]
[EventCountry "GER"]
[Tiebreak "Progressive score"]
[SourceVersionDate "2023.12.27"]

1. e4 c5 2. Nc3 e6 3. f4 d5 4. Nf3 dxe4 5. Nxe4 Be7 6. Bb5+ Bd7 7. Bxd7+ Qxd7
8. O-O Nf6 9. Neg5 O-O 10. d3 Nc6 11. Bd2 h6 12. Nh3 Rad8 13. Kh1 Qc7 14. Qe1
b6 15. Qg3 Nd4 16. Nxd4 cxd4 17. Rac1 Nh5 18. Qf3 Nf6 19. g4 Nh7 20. Rg1 Qd7
21. Rg2 Qd5 22. Qe2 Kh8 23. g5 hxg5 24. fxg5 g6 25. c4 Qb7 26. Bf4 Kg8 27. Re1
Bb4 28. Rf1 Bd6 29. Bxd6 Rxd6 30. Qe5 Rd7 31. Nf2 Qc7 32. Qe4 Qb7 33. Qf4 Qc7
34. Qh4 f5 35. gxf6 Rxf6 36. Rfg1 Qb7 37. Ne4 Rff7 38. Rxg6+ Rg7 39. Rxg7+ Rxg7
40. Qd8+ Nf8 41. Qxd4 Rxg1+ 42. Kxg1 Qe7 43. Qf6 1-0

[Event "Unna Open 2023"]
[Site "Unna"]
[Date "2023.12.27"]
[Round "1.15"]
[White "Schweda, Albert"]
[Black "Mann, Gergely"]
[Result "0-1"]
[WhiteElo "1479"]
[BlackElo "2051"]
[PlyCount "46"]
[EventDate "2023.12.??"]
[EventType "swiss"]
[EventRounds "7"]
[EventCountry "GER"]
[Tiebreak "Progressive score"]
[SourceVersionDate "2023.12.27"]

1. e4 c6 2. Nf3 d5 3. exd5 cxd5 4. d4 Nf6 5. Nc3 Nc6 6. Be2 Bg4 7. h3 Bh5 8.
O-O e6 9. Bg5 Bd6 10. Nb5 Bb8 11. c3 a6 12. Na3 O-O 13. Nc2 Qc7 14. g3 Ne4 15.
Bf4 Qb6 16. Bxb8 Raxb8 17. Rb1 Qa5 18. a3 b5 19. Kg2 Qc7 20. Re1 a5 21. Nd2
Bxe2 22. Rxe2 f5 23. f3 Qxg3+ 0-1

[Event "Unna Open 2023"]
[Site "Unna"]
[Date "2023.12.27"]
[Round "1.16"]
[White "Georg, Felix"]
[Black "Siebert, Michael"]
[Result "1/2-1/2"]
[WhiteElo "2051"]
[BlackElo "1473"]
[PlyCount "100"]
[EventDate "2023.12.??"]
[EventType "swiss"]
[EventRounds "7"]
[EventCountry "GER"]
[Tiebreak "Progressive score"]
[SourceVersionDate "2023.12.27"]

1. b4 Nf6 2. Bb2 e6 3. b5 c6 4. a4 Bc5 5. e3 O-O 6. Nf3 d5 7. d4 Bb4+ 8. c3 Be7
9. Bd3 Nbd7 10. O-O h6 11. Nbd2 c5 12. Ne5 c4 13. Bc2 Qc7 14. f4 Nxe5 15. fxe5
Nh7 16. Qh5 f6 17. Qg6 f5 18. g4 Bg5 19. Rae1 Qf7 20. Qxf7+ Rxf7 21. Ba3 Bh4
22. Re2 Ng5 23. gxf5 exf5 24. Nf3 Nxf3+ 25. Rxf3 g6 26. Rg2 Kg7 27. Rf1 a5 28.
Bd1 Be6 29. Bc5 Bg5 30. Rf3 f4 31. h4 Bxh4 32. Bc2 Bf5 33. Bxf5 Rxf5 34. Rxf4
Bg5 35. Rxf5 gxf5 36. Kf2 Kf7 37. Kf3 Ke6 38. Rh2 Rh8 39. Bb6 Ra8 40. Rg2 Kd7
41. Ke2 Ke6 42. Rf2 Bh4 43. Rg2 Bg5 44. Rg1 Kd7 45. Rb1 Ke6 46. Kf3 Kd7 47. Bc5
Re8 48. Bb6 Ra8 49. Rf1 Ke6 50. Ke2 Be7 1/2-1/2

[Event "Unna Open 2023"]
[Site "Unna"]
[Date "2023.12.27"]
[Round "1.17"]
[White "Schulz, Robin"]
[Black "Höllmann, Ludger"]
[Result "0-1"]
[WhiteElo "1451"]
[BlackElo "2015"]
[Annotator "Medger,Gernot"]
[PlyCount "98"]
[EventDate "2023.12.??"]
[EventType "swiss"]
[EventRounds "7"]
[EventCountry "GER"]
[Tiebreak "Progressive score"]
[SourceVersionDate "2023.12.27"]

1. e4 c6 2. d4 d5 3. e5 c5 4. c3 Nc6 5. Nf3 cxd4 6. cxd4 Bg4 7. Be2 Qb6 8. Nc3
e6 9. Bb5 Nge7 10. Be3 a6 11. Bxc6+ Nxc6 12. Qb3 Qxb3 13. axb3 Be7 14. Kd2 O-O
15. Ne1 f6 16. f4 fxe5 17. fxe5 Rad8 18. Nd3 Nb4 19. Nxb4 Bxb4 20. Ra4 a5 21.
Raa1 Rc8 22. Rhf1 Bf5 23. Rf2 Be4 24. Rg1 $11 h5 25. Rf4 Rxf4 26. Bxf4 Kh7 27.
g4 hxg4 28. Rxg4 Rf8 29. Be3 Bf5 30. Rg3 Be4 31. Rg1 Rf3 32. Rg3 Rxg3 33. hxg3
Kg6 34. Kc1 Kf5 35. Nb5 Kg4 36. Bf4 g5 37. Be3 Be7 38. Bf2 Kf3 39. Be1 Bb4 40.
Nc3 g4 41. Kd2 Bf5 42. Kd1 Ke3 43. Nb5 Bd3 44. Nc7 Be2+ 45. Kc1 Bxe1 46. Nxe6
Bxg3 47. Ng7 Bd3 48. Ne6 Be1 49. Nc7 Ke2 0-1

[Event "Unna Open 2023"]
[Site "Unna"]
[Date "2023.12.27"]
[Round "1.18"]
[White "Dahlbeck, Mirko"]
[Black "Van Gaalen, Jakob"]
[Result "1-0"]
[WhiteElo "2013"]
[BlackElo "1451"]
[PlyCount "35"]
[EventDate "2023.12.??"]
[EventType "swiss"]
[EventRounds "7"]
[EventCountry "GER"]
[Tiebreak "Progressive score"]
[SourceVersionDate "2023.12.27"]

1. e4 c5 2. Nf3 e6 3. c3 Nf6 4. Bd3 Nc6 5. Bc2 Qc7 6. O-O d5 7. exd5 Nxd5 8.
Re1 Be7 9. d4 Bd7 10. dxc5 O-O-O 11. b4 h5 12. Ng5 Bxg5 13. Bxg5 f6 14. Bd2 h4
15. Na3 Nce7 16. Nc4 Rdf8 17. Nd6+ Kb8 18. c4 1-0

[Event "Unna Open 2023"]
[Site "Unna"]
[Date "2023.12.27"]
[Round "1.19"]
[White "Soppe, Peter"]
[Black "Ringwelski, Marius"]
[Result "0-1"]
[WhiteElo "1451"]
[BlackElo "1986"]
[PlyCount "86"]
[EventDate "2023.12.??"]
[EventType "swiss"]
[EventRounds "7"]
[EventCountry "GER"]
[Tiebreak "Progressive score"]
[SourceVersionDate "2023.12.27"]

1. d4 Nf6 2. c4 e6 3. Nc3 Bb4 4. Bd2 O-O 5. Nf3 c5 6. e3 b6 7. Bd3 Bb7 8. O-O
d5 9. a3 Bxc3 10. bxc3 Nbd7 11. Qe2 Re8 12. cxd5 exd5 13. Ba6 Bxa6 14. Qxa6 Qc8
15. Qb5 Ne4 16. h3 Nd6 17. Qb1 Nc4 18. Be1 Nf6 19. Nd2 Qa6 20. Qd3 Qa4 21. Nxc4
dxc4 22. Qd1 Qb3 23. Qxb3 cxb3 24. Rb1 c4 25. Bd2 Ne4 26. Rfd1 b5 27. Rb2 Re6
28. Kf1 f5 29. g3 Rae8 30. Be1 Ra6 31. Ra1 Ra4 32. f3 Nf6 33. Kf2 Re6 34. g4 g6
35. g5 Nd5 36. Re2 Rea6 37. e4 Nf4 38. d5 Nxe2 39. Kxe2 fxe4 40. fxe4 Rxa3 41.
Rxa3 Rxa3 42. d6 Kf7 43. Bg3 b2 0-1

[Event "Unna Open 2023"]
[Site "Unna"]
[Date "2023.12.27"]
[Round "1.20"]
[White "Winterberg, Andreas"]
[Black "Willems, Marcus"]
[Result "1-0"]
[WhiteElo "1973"]
[BlackElo "1414"]
[PlyCount "73"]
[EventDate "2023.12.??"]
[EventType "swiss"]
[EventRounds "7"]
[EventCountry "GER"]
[Tiebreak "Progressive score"]
[SourceVersionDate "2023.12.27"]

1. e4 c5 2. Nf3 d6 3. c3 Nf6 4. Be2 g6 5. Qc2 Qc7 6. O-O Bg7 7. d3 O-O 8. b3 b5
9. a4 bxa4 10. Rxa4 Bd7 11. Ra1 Nc6 12. Bf4 Rfc8 13. Nbd2 Be6 14. Rfc1 Rab8 15.
Ng5 Bd7 16. Nc4 e5 17. Be3 h6 18. Nf3 Be6 19. Nfd2 Nd7 20. f4 d5 21. Nxe5 Ncxe5
22. fxe5 Nxe5 23. exd5 Bxd5 24. Ne4 Qb7 25. Nd6 Qxb3 26. Qxb3 Rxb3 27. Nxc8
Bxg2 28. Re1 Nf3+ 29. Bxf3 Bxf3 30. Bf2 Bxc3 31. Re8+ Kg7 32. Rc1 Bd2 33. Rf1
Bc6 34. Re2 Bf3 35. Bd4+ cxd4 36. Rxf3 Be3+ 37. Rfxe3 1-0